[Event "Leon"]
[Site "Leon"]
[Date "1997.??.??"]
[Round "4"]
[White "Mellado Trivino, Juan"]
[Black "Granda Zuniga, Julio E"]
[Result "0-1"]
[WhiteElo "2430"]
[BlackElo "2620"]
[Annotator "Har Zvi,R"]
[PlyCount "96"]
[EventDate "1997.06.05"]
[EventType "tourn"]
[EventRounds "9"]
[EventCountry "ESP"]
[EventCategory "10"]
[SourceTitle "CBM 060"]
[Source "ChessBase"]
[SourceDate "1997.09.29"]
[SourceVersion "1"]
[SourceVersionDate "1997.09.29"]
[SourceQuality "1"]

1. e4 c5 2. c3 Nf6 3. e5 Nd5 4. d4 cxd4 5. Nf3 Nc6 6. Bc4 Nb6 7. Bb3 d5 8. exd6
Qxd6 9. O-O Bf5 {the mian line is the position is of course Be6} 10. cxd4 {
10.Nxd4 seems to give white a very pleasent position,and indeed white has a
very good score in this line after Nxd4,the difference is that after Nxd4
white has a very good place for his Queen on f3} (10. Nxd4 Nxd4 11. cxd4 e6 12.
Nc3 Be7 13. Qf3 O-O (13... Qxd4 $6 14. Qxb7 Bd6 15. Qc6+ Ke7 16. Nb5 Qe5 17.
Qb7+ (17. Nxd6 Qxd6 18. Qxd6+ Kxd6 19. Bf4+ $14 {/+/-}) 17... Kf6 18. Nxd6 Qxd6
19. Be3 $16 {Lautier,J-Polgar,J Eucup f 1993}) 14. d5 Qc7 (14... Qb4 15. dxe6
fxe6 16. Qxb7 Bd6 17. Be3 Rf7 18. Qc6 Raf8 19. Rae1 Nd7 20. Rd1 Bb8 21. Bxe6
$18 {Mikhalchishin,A-Ftacnik,L Prag 1979}) (14... Qd7 15. dxe6 Bxe6 16. Rd1 Qc8
17. Bxe6 fxe6 18. Qe4 $14 {[%csl Re6] Tseitlin,Mi-Velikov,P Pernik 1981 31/197}
) 15. Re1 Nc4 16. Bf4 Qc5 17. Rac1 Nxb2 18. Nd1 Qa3 19. Nxb2 Qxb2 20. Rc7 Bb4
21. Be5 Qd2 22. Rd1 Qh6 23. h3 Rad8 24. g4 Qg5 25. Qg3 Bg6 26. h4 {Yurtaev,
L-Mikhalchishin,A Frunze 1979}) 10... e6 (10... Bxb1 11. Rxb1 e6 12. Qe2 (12.
Qd3 Be7 13. Rd1 O-O 14. Ng5 Bxg5 15. Bxg5 Nd5 $13 {Arnason,As-Tisdall,J
Vestmannaeyjum 1985}) 12... Be7 13. Qe4 Nd5 14. Rd1 Rd8 15. Qg4 g6 16. Bh6 Bf8
17. Bg5 Be7 $11 {Hickel,J-Bastian,H Bl 89/90}) 11. Nc3 Rd8 12. Qe2 (12. Be3 Be7
13. Qe2 O-O 14. Rfd1 Na5 15. d5 Nxb3 16. axb3 Nxd5 $15 {Pandavos,E-Kofidis,A
GRE-ch 1993}) 12... Be7 13. Rd1 O-O 14. d5 exd5 15. Nxd5 Nxd5 16. Rxd5 (16.
Bxd5 Qg6 17. Bf4) 16... Qg6 $15 {black is slightly better,he has a better
development,and also somewhat better positions for his pieces,I am quite sure
white should be able to draw this position,although as we will see one
careless move,and he is losing!} 17. Bf4 Bf6 18. Re1 {[%tqu "En","can you see
a way for black to create white some problems,try so see until the end,and
also white's best answer which he did not play","","","d8d5","",7]} Rxd5 $1 19.
Bxd5 Nb4 20. Bxb7 (20. Bc4 Bd3 21. Qe8 (21. Qd2 Bxc4 22. Qxb4 Bd5 $17) 21... h6
(21... Bxc4 $4 22. Bd6) 22. Qb5 Bxc4 23. Qxb4 Bd5 $17) (20. Qd2 $5 Nxd5 21.
Qxd5 b6 $15 {/=}) 20... Nd3 21. Bd6 Nxe1 22. Nxe1 $2 {this is probably the
position white analysed when he play Bxb7 and here he thought,after Rd8 I play
Bc7 black does not have a place for his rook other than f8 and after Rf8 I
play Bd6 with a draw,but unfortunately for white this is not the right move,
after Qe1 indeed this plan woks and the would have ended in a draw,now black
starts to attack white's queen with the final idea to remove the queen from
the "e" file} (22. Qxe1 $8 {this move gives white a draw} Bh3 (22... Bc3 $4 23.
Qe7 $18) 23. Nd2 $8 (23. g3 $2 Bc3 $1 24. bxc3 (24. Qe7 Qb1+) 24... Qxd6 $19)
23... Rd8 (23... Bg5 24. Bxf8 Bxd2 25. Qe4 $11) 24. Bc7 Rf8 (24... Rc8 $2 25.
Bg3 $16) 25. Bd6 $11) 22... Bg4 $1 23. Qe3 {the queens must stay on the "e"
file} Bg5 $1 24. Qe5 {again,the queens must stay on the "e" file} Rd8 25. Bc7
f6 $1 $17 {now black has the "e8" square under his control it means he is just
an exchange up} 26. Qc3 Rd1 27. f4 Qe8 28. Ba5 Bh6 (28... Bxf4 $6 29. Qc4+ Kh8
30. Qxf4 Rxe1+ 31. Bxe1 Qxe1+ 32. Qf1 Qb4 $17 33. Bf3 Bxf3 34. Qxf3 Qc5+ 35.
Qf2 Qc1+ 36. Qf1 Qxb2) 29. h3 Be6 {the rest is not too complicated} 30. g3 Qd7
31. Bc6 Qc8 32. Kf2 Rd6 33. Be4 Qxc3 34. Bxc3 Bxa2 35. Nf3 g6 36. Nd4 f5 37.
Nb5 Rb6 38. Bd3 Bg7 39. Nxa7 Bxc3 40. bxc3 Rb2+ 41. Ke3 Rg2 42. Nc6 Rxg3+ 43.
Kd4 Rxh3 44. c4 Rf3 45. Nb4 Bb3 46. Nd5 h5 47. Be2 Rf2 48. Ke3 Rxe2+ 0-1

[Event "CZE-ch"]
[Site "Zlin"]
[Date "1997.??.??"]
[Round "2"]
[White "Blatny, Pavel"]
[Black "Cvek, Robert"]
[Result "1-0"]
[WhiteElo "2540"]
[BlackElo "2340"]
[Annotator "Har Zvi,R"]
[PlyCount "65"]
[EventDate "1997.06.12"]
[EventType "tourn"]
[EventRounds "11"]
[EventCountry "CZE"]
[EventCategory "10"]
[SourceTitle "CBM 061"]
[Source "ChessBase"]
[SourceDate "1997.11.23"]
[SourceVersion "1"]
[SourceVersionDate "1997.11.23"]
[SourceQuality "1"]

1. e4 {Blatny,P} c5 2. c3 Nf6 3. e5 Nd5 4. d4 cxd4 5. Nf3 d6 6. cxd4 (6. Bc4
Nb6 7. Bb3 dxe5 8. Nxe5 e6 9. cxd4 Nc6 10. Nxc6 bxc6 11. O-O Ba6 (11... Be7 $13
{0-1 Sariego,W-Kuczynski,R/Polanica Zdroj 1989/EXT 89 (42)}) 12. Re1 Be7 13.
Nc3 O-O 14. Bf4 c5 15. d5 (15. dxc5 Qxd1 16. Rexd1 Bxc5 17. Ne4 Be7 18. Rac1
Rfc8 19. f3 Kf8 20. Bc7 Bc4 $1 $11 {1/2-1/2 Kharlov,A-Yudasin,L/Kemerovo1 1995/
CBM 50/[Hecht] (44)}) 15... c4 16. Bc2 Nxd5 17. Nxd5 exd5 18. Re5 Bb7 19. Qh5
g6 20. Qh6 f5 21. Rae1 Bf6 22. Re6 Bg7 $17 {/-+ 1/2-1/2 Zifroni,D-Har Zvi,R/
Tel Aviv Czerniak 1996/CBM 53/[Hecht] (52) /-+}) (6. Qxd4 e6 7. exd6 (7. Nbd2
Nc6 8. Bb5 Bd7 9. Bxc6 Bxc6 10. Ne4 dxe5 11. Nxe5 Qc7 12. O-O f6 13. Nxc6 Qxc6
14. Re1 Be7 $15 {1/2-1/2 Zifroni,D-Manor,I/Tel Aviv Czerniak 1996/CBM 53 (30)})
7... Qxd6 8. Bb5+ Bd7 9. Bxd7+ Qxd7 10. O-O Nc6 11. Qe4 O-O-O 12. Nbd2 f6 13.
Nd4 e5 14. Nxc6 Qxc6 15. Nb3 Kb8 16. Rd1 Bc5 $13 {1/2-1/2 Azmaiparashvili,
Z-Gelfand,B/Madrid 1996/CBM 53 (42)}) 6... Nc6 7. Bc4 e6 {I do not like this
move at all,I am quite sure that after 7...Nb6 white has no way to get an
advantage, not after 8.Bb5 dxe5 9.Nxe5 Bd7 and not after 8.Bb3 dxe5,while
after Qe2 I clearly prefer white} 8. Qe2 Nb6 (8... dxe5 9. dxe5 Bb4+ 10. Bd2
Bxd2+ 11. Nbxd2 Na5 12. O-O (12. Bxd5 exd5 13. Nd4 O-O 14. O-O Qb6 15. N2b3
Nxb3 16. Nxb3 Be6 17. Qd2 Rac8 18. Nd4 Rc4 19. Rad1 Rfc8 20. h3 $16 {1-0
Schmidt,G-Wachinger,G/Bayern-ch 1986/EXT 86ch2 (38)}) 12... Nxc4 13. Nxc4 O-O
14. Nd6 Qb6 15. Rad1 Bd7 16. Rd4 f5 17. Rfd1 Qa6 18. Qxa6 bxa6 19. Rc4 Rab8 20.
Rd2 Rb6 21. Rc5 h6 22. h4 f4 23. b3 {Enklaar,B-Najdorf,M/Wijk 1973/MCD-r7/1/
2-1/2 (44)}) (8... Nb6 9. Bb3 dxe5 (9... d5 10. O-O (10. Nc3 a5 11. Bg5 Be7 12.
Bxe7 Qxe7 13. Qb5 Qb4 14. a3 Qxb5 15. Nxb5 Ke7 16. a4 Bd7 17. Kd2 h6 18. Rac1
Rab8 19. Rc5 $14 {/+/-1-0 Vlassov,N-Sherbakov,V/St.Petersburg op 1995/EXP 46 
(59)}) 10... Bd7 11. Nc3 h6 12. Be3 Na5 13. Bc2 Rc8 14. Rac1 Bb4 15. Ne1 Bxc3
16. bxc3 Na4 17. Qg4 Kf8 18. Nd3 Nxc3 19. Nf4 Bb5 20. Nh5 g5 21. Rfe1 $40 {
1-0 Machulsky,A-Ubilava,E/New York op 1990/EXP 16 (39)}) 10. dxe5 Nb4 11. O-O
Qd3 12. Qxd3 Nxd3 13. Nc3 Bd7 14. a4 Nc5 15. Bc2 a5 16. Rd1 Be7 17. Be3 Rc8 18.
Ne4 Nd5 19. Bxc5 Bxc5 20. Bb3 Nb6 21. Rdc1 Be7 22. Nd6+ Bxd6 23. Rxc8+ {
Karpatchev,A-Portisch,L/Berliner Sommer 1997/EXP 59/1/2-1/2 (42)}) (8... Be7 {
Blatny,P} 9. O-O O-O 10. Nc3 Nxc3 11. bxc3 dxe5 12. dxe5 Qc7 13. Qe4 Rd8 $5 14.
Bd3 g6 15. Bh6 Bd7 $5 16. Rad1 Be8 17. Qf4 Qa5 $5 18. Be4 $1 Qxc3 19. Rc1 $1
Qa3 $1 20. Bxc6 bxc6 $8 {~/= Machulsky,A-Ruban,V/Sibenik 1990}) 9. Bb3 Bd7 (
9... dxe5 $142 {Blatny,P} 10. dxe5 Bb4+) 10. Nc3 dxe5 (10... d5 11. Bc2 $36 {
[%cal Gc2g6,Gc1h6]}) 11. dxe5 $14 {white should be very happy with his opening
result,he has a clear space advantage thanks to his "e5" pawn,while black's
knight on b6 seems quite bad,and white had chances on the King's side} Nb4 (
11... Be7 12. O-O O-O 13. Rd1 $36) (11... Bb4 $5 {Blatny,P}) 12. O-O Bc6 13.
Rd1 N4d5 14. Ne4 {probably the best move,white starts to tranfer his pieces to
the king's side,the "c3" knight will find a fantastic place on the "h5"square,
and with the help on the two bishops from c2 and d2 black's king will be in
great danger} (14. Nd4 Nxc3 15. bxc3 Qc8 $13) (14. Be3 {with the idea Bxb6 and
Nxd5} Qb8) 14... Be7 15. Bg5 O-O 16. Bc2 {[%csl Rb6] now white threats become
quite clear,black simply does not have pieces around his king,the "b6" knight
is a very bad piece} h6 (16... Bxg5 17. Nexg5 (17. Nfxg5 h6 $8 18. Nf6+ $6 (18.
Nf3 $14) 18... gxf6 19. Qh5 fxg5 20. Qxh6 f5 21. Qg6+ Kh8 $11) 17... g6 (17...
h6 $2 18. Qe4 g6 19. Nxe6) 18. Qe4 Kg7 19. Qg4 $36) 17. Bd2 $1 {it is a good
and correct idea because as a principal,if you have a space advantage,
exchanging pieces helps your opponent,which is just very logical} (17. Nf6+ $6
{Blatny,P} gxf6 18. exf6 hxg5 19. Nxg5 Nxf6 $1 20. Rxd8 Raxd8 $17 21. Nxe6 $140
fxe6 22. Qxe6+ Rf7 23. Bg6 Bd5 $1 24. Bxf7+ Kf8 $17) 17... Qc7 18. Rac1 {
[%cal Gc1c8]} Rfd8 (18... Nd7 19. Ng3 {may transpose into the game}) 19. Ng3
$40 {/+/-,white is simply going to play Nd4-Nh5 and than attack with almost
all his pieces,what is more important it that black seems to have no
counterplay at all} Bf8 (19... Nb4 20. Bb1 Nd7 21. a3 Na6 22. Bc3) (19... Nd7
20. Qe4 Nf8 (20... N5f6 21. exf6 (21. Qf4) 21... Bxe4 22. fxe7 Bxc2 (22... Re8
23. Bxe4 $18) 23. exd8=Q+ Rxd8 24. Ne1 $16) 21. Qg4 $40) 20. Nd4 Nd7 21. Re1
Ne7 (21... Bc5 $5 22. Nxc6 bxc6 $14 {/+/-} (22... Qxc6 23. b4 Bxb4 (23... Nxb4
$2 24. Bxb4 Bxb4 25. Bh7+ Kxh7 26. Rxc6 Bxe1 (26... bxc6 27. Qe4+) 27. Rc7 $18
{[%cal Ge2d3]}))) 22. Bc3 Rac8 (22... Nd5 $2 23. Qd3 g5 (23... g6 24. Nxe6 fxe6
25. Qxg6+ Bg7 26. Qh7+ $1 Kf8 (26... Kf7 $2 27. Nf5 $1 $18) 27. Nh5 $18 (27.
Bd2 $18))) 23. Nh5 Bd5 (23... g6 24. Nf4 $40 {[%cal Gd4e6]} (24. Nf6+ Nxf6 25.
exf6 Nf5)) 24. Nb5 Qb8 (24... Qc4 25. Bd3 $16 {/+-} Qh4 (25... Qxa2 26. Ra1 Qb3
27. Ra3) 26. g3 Qh3 27. Nf4) 25. Qg4 (25. Nd6 $5 Rc5 (25... Rc6 $13 {Blatny,P})
26. Qg4) 25... Rc4 {in few moves black who had an unpleasent position all the
game just loses quickly,maybe time trouble} (25... Nc6 26. Nf6+ Nxf6 27. exf6
g5 {[%cal Gb8f4]} 28. Rxe6 $1 Nb4 (28... Bxe6 29. Qe4) (28... fxe6 29. Qh5 {
[%cal Gh5g6,Gf6f7]}) 29. Ree1 $14 {/+/-} (29. Bb1 Bxa2)) (25... Bxa2 $5 {
Blatny,P} 26. Nd6 Rxc3 $5 27. bxc3 Bd5 $14 (27... Nxe5 28. Nf6+ Kh8 29. Qe4 g6
30. Qxe5 Qxd6 31. Qa5 $14)) 26. Qg3 Nf5 (26... Nc6 $5) (26... a6 $142 {Blatny,P
} 27. Nd6 $14) 27. Bxf5 exf5 28. Nd4 Nc5 (28... Be6 29. Nxe6 fxe6 30. Qg6 Re8 (
30... Rc6 31. Rcd1 {/\Rd7,Nf6}) 31. Rcd1 (31. Nf6+ {Blatny,P} Nxf6 32. exf6 $18
) (31. Rcd1 $4 Rg4 $19)) (28... Be4 29. e6 Qxg3 30. exf7+ Kxf7 31. Nxg3 $16 {
[%csl Re4,Rf5]}) 29. Nxf5 $18 Qc8 (29... Ne4 {Blatny,P} 30. Rxe4 Rxe4 31. Nf6+
Kh8 32. Nxh6 $1 Qc8 33. Nhg4 $3 $18) 30. Nhxg7 (30. Ne7+ $142 $1 {[%csl Re7,
Rf8,Rg7][%cal Rf8e7,Rf8g7] Blatny,P} Kh8 31. Nxc8 $18) 30... Kh7 (30... Kh8 {
Blatny,P} 31. e6 Ne4 32. Rxe4 Rxc3 33. bxc3 Bxe4 34. Qe5 $18) 31. e6 (31. Nh5 {
Blatny,P} Ne4 32. Rxe4 Qxf5 33. Rxc4 Qxh5 34. Qd3+ $18) 31... Nxe6 (31... Rxc3
{Blatny,P} 32. Rxc3 $18) 32. Nh5 Bd6 (32... Ng5 {Blatny,P} 33. Nf6+ Kg6 34.
Nh4+ Rxh4 35. Qxh4 $18) 33. Rxe6 $1 {[%cal Ge6h6,Gg3g7]} 1-0

[Event "RUS-Cup01 Chigorin Memorial"]
[Site "St Petersburg"]
[Date "1997.11.01"]
[Round "1"]
[White "Sveshnikov, Evgeny"]
[Black "Batsanin, Dmitry"]
[Result "1-0"]
[WhiteElo "2570"]
[BlackElo "2360"]
[Annotator "Har Zvi,R"]
[PlyCount "51"]
[EventDate "1997.11.01"]
[EventType "swiss"]
[EventRounds "9"]
[EventCountry "RUS"]
[SourceTitle "CBM 062"]
[Source "ChessBase"]
[SourceDate "1998.01.31"]
[SourceVersion "1"]
[SourceVersionDate "1998.01.31"]
[SourceQuality "1"]

1. e4 c5 2. c3 d5 3. exd5 Qxd5 4. d4 Nc6 5. Nf3 e6 6. Na3 Qd8 7. Nc2 Nf6 8. Bf4
(8. g3 $5) 8... cxd4 (8... Bd6 9. Bg3 O-O 10. Bd3 b6 11. Qe2 $36 {[%cal Ge1c1]}
) (8... Qb6 $5 9. Be2 (9. Bd3 $5) 9... Nd5 (9... Qxb2 $5 {why not?!}) 10. Bc1
cxd4 11. Ncxd4 Bc5 12. O-O Nxd4 13. cxd4 Be7 14. Ne5 O-O $132 {
Platanov-Kandyba/Podolsk 1993;61/(158)}) 9. Ncxd4 Nxd4 10. Qxd4 (10. Nxd4 Bc5
11. Nb3 Be7 12. Qxd8+ Bxd8 13. Bb5+ Bd7 14. Bxd7+ Nxd7 15. Ke2 e5 16. Be3 Bc7
17. Rhd1 Ke7 18. Rd2 $14 {Sveshnikov,E-Georgadze,T/Volgograd 1985}) 10... Qxd4
11. Nxd4 a6 (11... Nd5 12. Bg3 a6 {1/2-1/2 Vallejo Pons,F-Franco,Z/Mondariz
1995}) 12. Be2 {to be honest I can not understand black's side playing this
position,it is clear white has slight advantage,but a sure one! without risks}
Be7 (12... Bd7 13. O-O Bc5 14. Nb3 $1 $14 Bb6 15. a4 $1 O-O-O 16. Bf3 Be8 (
16... Nd5) 17. Be5 Rg8 18. a5 Ba7 19. Rfe1 $14 {/+/- Sveshnikov,E-Makarov,M/
Russia (ch) 1994;61/158 [Sveshnikov,E ]}) 13. O-O-O O-O (13... Bd7 {[%cal
Ge8c8]}) 14. Bf3 Nd5 15. Bg3 b5 $2 (15... Bd7 {[%cal Gf8d8,Ga8c8]}) 16. Nc6
Bg5+ (16... Bf6 17. Nb4 {[%csl Rd5]}) (16... Bc5 17. Bxd5 exd5 18. Rxd5 Bb6 19.
Ne7+ Kh8 20. Nxc8 Raxc8 $16) 17. Kb1 a5 (17... Bb7 18. Na5 Bc8 19. Rhe1) (17...
Bd7 18. Nb4) 18. Bd6 Re8 19. Rhe1 Bd7 (19... Bb7 20. Bxd5 (20. Nxa5 Nxc3+ 21.
bxc3 Bxf3 22. gxf3 Rxa5) 20... exd5 21. Nxa5 $16) {[%tqu "En","white has
pressure since the begining of the game,now it is time to do something with it,
it is quite a surprising move,but a powerfull one","think about black's last
rank is it safe!!??","","c6b8","",10]} 20. Nb8 $3 Rd8 (20... Raxb8 21. Bxb8
Rxb8 22. Bxd5 exd5 23. Rxd5 $18 {[%csl Rd7,Rg5]}) (20... Be7 21. Nxd7 (21. Bg3
Ra7 22. Bxd5 exd5 23. Rxd5) 21... Bxd6 22. Nb6 Rab8 23. Nxd5 exd5 24. Rxe8+
Rxe8 25. Rxd5 Bxh2 26. Rxb5) 21. Bxd5 exd5 22. Nxd7 Rxd7 23. Rxd5 Rad8 $2 (
23... Bf6 $2 24. Bb8 $3 $18) (23... h6 $1 {[%cal Ga8d8]} 24. Red1 Rad8 {
[%cal Gg5f4]} 25. R5d4 Bf6 26. Be5 $16) 24. Rxg5 Rxd6 25. Rxb5 Rd2 26. Rbe5 {
[%cal Ge5e8,Ge5e2]} 1-0

[Event "WchT 4th"]
[Site "Luzern"]
[Date "1997.11.01"]
[Round "8.4"]
[White "Ekstroem, Roland"]
[Black "Gaprindashvili, Nona"]
[Result "1-0"]
[WhiteElo "2475"]
[BlackElo "2355"]
[Annotator "Har Zvi,R"]
[PlyCount "57"]
[EventDate "1997.10.25"]
[EventType "team-tourn"]
[EventRounds "9"]
[EventCountry "SUI"]
[SourceTitle "CBM 062"]
[Source "ChessBase"]
[SourceDate "1998.01.31"]
[SourceVersion "1"]
[SourceVersionDate "1998.01.31"]
[SourceQuality "1"]
[WhiteTeam "Switzerland"]
[BlackTeam "Georgia (w)"]
[WhiteTeamCountry "SUI"]
[BlackTeamCountry "GEO"]

1. e4 c5 2. c3 d5 3. exd5 Qxd5 4. d4 Nf6 5. Nf3 g6 6. Qb3 $5 $146 {a novelty,
but quite a standard move,if black exchanges queens then white gets play on
the "a" file,and if not black has to take care to his "c5" pawn,while white's
threat now is Bc4} (6. Be3) (6. Na3) 6... Qxb3 {after this move,it is quite
clear that white has a slight advantage,but to be honest I really do not know
what black should play after 6.Qb3!?} (6... cxd4 7. Bc4 Qe4+ 8. Kf1 e6 9. cxd4
Be7 (9... Bg7 $2 10. Nc3 Qg4 (10... Qf5 11. Nb5 $18 {[%cal Gb5d6,Gb5c7]}) 11.
Nb5 $18) 10. Nc3 Qf5 11. Bh6 $36) 7. axb3 cxd4 (7... Nbd7 8. dxc5 Nxc5 9. Be3
$1 $16 Nxb3 $2 10. Ra3 Be6 11. Ng5 Bd5 12. c4) 8. Nxd4 Nd5 (8... a6 $1 {
the best move in the position,after all other moves it seems white will get
big advantage} 9. Nb5 Kd8) (8... Bg7 9. Nb5 Na6 10. Be3 {[%csl Ra7]} (10. Rxa6
bxa6 11. Nc7+ Kd7 12. Nxa8 Bb7)) 9. Bc4 Nc7 (9... Nb6 10. Nb5 Na6 11. Be3 {
[%cal Gb5a7]} Nxc4 12. bxc4 {[%csl Ra7]}) (9... e6 10. Bxd5 exd5 11. Nb5) 10.
Bf4 {white's advantage is now very serious,it seems black's position is
already critical} Nba6 (10... Nca6 11. Nb5 Bg7 12. Nxa7 $1 Rxa7 13. Bxb8) 11.
Nb5 $1 Nxb5 (11... Ne6 12. Bxe6 Bxe6 13. Rxa6 bxa6 14. Nc7+ Kd7 15. Nxa8) 12.
Bxb5+ Kd8 $2 $18 {losing immediately,the only move was 12...Bd7 although of
course black's position is terrible} (12... Bd7 13. Bxa6 bxa6 14. Rxa6 Bb5 15.
Ra5 $16) 13. Rxa6 $1 bxa6 14. Bc6 Bf5 15. Ke2 Bh6 (15... Rc8 16. Rd1+) 16. Bxh6
{no further explanations are needed here} Rb8 17. Nd2 Rb6 18. Bd5 Be6 19. Bxe6
Rxe6+ 20. Be3 Kc8 21. Ra1 Rd8 22. h4 f6 23. b4 Rd7 24. Nb3 Rc6 25. Nc5 Rdd6 26.
g3 e5 27. h5 g5 28. g4 Kb8 29. Kf3 1-0